000 01003nam a22003017i 4500
003 DO-SdBNP
005 20240219110412.0
007 ta
008 210713e2021 dr er|||| 001 jdeng d
020 _a9789945627244
040 _aDO-SdBNP
_bspa
_cBNPHU
_erda
082 4 _aRD863.44
_bJ41i 2021
_222
100 1 _aJavier, Luis
_eautor
245 1 0 _aIndicaciones para salir y entrar :
_b(microrelatos) /
_cLuis Javier; editor Rafael J. Rodríguez Pérez
264 1 _aSanto Domingo :
_bEditorial Santuario,
_c2021
300 _a102 páginas
_c23 cm.
336 _2rdacontent
_atexto
_btxt
337 _2rdamedia
_asin mediación
_bn
338 _2rdacarrier
_avolumen
_bnc
490 0 _aMinificciones
500 _aIncluye datos biográficos del autor en la solapa de la cubierta
590 _aInventariado 2024/VM
650 4 _aCuentos dominicanos
650 4 _aLiteratura dominicana
700 1 _aRodríguez Pérez, Rafael J.
_eed.
910 _aVMateo V. Control e calidad BPMSU
942 _2ddc
_cBK
999 _c14040
_d14040